Operation firedog : Air Support In The Malayan Emergency 1948-1960
| Main Author: | |
|---|---|
| Format: | Book |
| Published: |
London :
HMSO ,
1992
|
| Subjects: |
MARC
| LEADER | 00000cam a2200000 7i4500 | ||
|---|---|---|---|
| 001 | 0000004111 | ||
| 002 | 000004423 | ||
| 005 | 20000330.0 | ||
| 020 | |a 0117727245 | ||
| 090 | 0 | 0 | |a 959.504 |b POS |
| 100 | 1 | |a Postgate, Malcolm R | |
| 245 | 1 | 0 | |a Operation firedog : |b Air Support In The Malayan Emergency 1948-1960 |c Malcolm Postgate |
| 260 | |a London : |b HMSO , |c 1992 | ||
| 300 | |a 234p. : |b ill. ; |c 24cm. | ||
| 650 | 0 | 0 | |a The Malayan Emergency |
| 999 | |a 037297 |b BUKU |c PINJAMAN |e PERPUSTAKAAN KOMUNITI PETALING JAYA | ||